| 000 | 01502nam a22002177a 4500 | ||
|---|---|---|---|
| 003 | OSt | ||
| 005 | 20230706101807.0 | ||
| 008 | 230705s2015 spa||||| |||| 00| 1 spa d | ||
| 020 | _a9789500437172 | ||
| 040 |
_bspa _cbesoc |
||
| 100 | 1 |
_aIrish, William _d(1903-1968) _eautor |
|
| 245 | 1 | 0 |
_aSerenata del estrangulador / _cWilliam Irish ; traducción de María de Vértiz |
| 250 | _a1a ed. | ||
| 260 |
_aBuenos Aires : _bEmecé, _c2015 |
||
| 300 | _a303 p. | ||
| 490 | _aEl séptimo círculo / colección creada por Jorge Luis Borges y Adolfo Bioy Casares | ||
| 520 | _aEl detective Champ Prescott decide tomar unas vacaciones en un apacible lugar. A poco de llegar, se produce la primera muerte. A esta le suceden otras cinco igualmente misteriosas. El único factor común entre ellos es la melodía silbada que se escucha antes y después del crimen. Prescott deberá descubrir al asesino entre las pocas personas que lo rodean: la dueña de la casa, el tonto del pueblo, una joven pintora, el comisario y su hijo. Y esa música es la única pista, como el canto de las sirenas... "El sonido trajo una segunda nota, una tercera, una cuarta. Repentinamente se unieron todas hasta completar una tonada. Se repitió de nuevo más nítida que la primera vez, anunciando su proximidad. Ahora supo lo que vendría, después supo lo que causaba, lo que emitía" [Nota del editor]. | ||
| 650 | 4 |
_aLiteratura norteamericana _vNovelas _ySiglo XX |
|
| 700 | 1 |
_aVértiz, María de _etraductor |
|
| 942 |
_2udc _cOG _n0 |
||
| 999 |
_c21 _d21 |
||